000
00325 a2200157 4500
001
188716
020
_a
040
_c
Magnum
100
_a
Cenni Júnior, Mário Agostino
240
1
0
_a
Princípios morais
_l
por
245
1
0
_a
Princípios morais
300
_a
354
362
0
_a
2009
697
_a
FILOSOFIA
942
_c
BK
999
_c
188716
_d
188716